000 00432nam a2200193Ia 4500
005 20240823040742.0
008 240823s9999||||xx |||||||||||||| ||und||
020 _a81-219-2613-0
041 _aENGLISH
082 _A823.91
100 _aPaces S E
245 0 _aSix Detective Stories
250 _a1st
260 _bS Chand & Co
500 _aLOST
650 _aDetective Stories
_bGeneral
942 _cBK
999 _c203862
_d203862